[Event "2.Nord-West-Cup"]
[Site "?"]
[Date "2000.02.11"]
[Round "3"]
[White "Langrock, Hannes"]
[Black "Wichelmann, Martin"]
[Result "1-0"]
[WhiteElo "2135"]
[BlackElo "1920"]
[PlyCount "77"]

1. e4 c5 2. d4 cxd4 3. c3 d5 4. exd5 Qxd5 5. cxd4 Nc6 6. Nf3 e5 7. Nc3 Bb4 8.
Bd2 Bxc3 9. Bxc3 e4 10. Nd2 Nf6 11. Bc4 Qg5 12. Qb3 O-O 13. O-O-O Na5 14. Qb5
Qxb5 15. Bxb5 a6 16. Ba4 Nc6 17. Bc2 Bf5 18. f3 Rfe8 19. Rhe1 b5 20. Nxe4 Nxe4
21. Bxe4 Bxe4 22. Rxe4 f5 23. Rxe8+ Rxe8 24. d5 Nb8 25. Kc2 Kf7 26. Kd3 g6 27.
Re1 Rxe1 28. Bxe1 Nd7 29. Kd4 Ke7 30. b3 Kf6 31. Bb4 Kf7 32. Ba5 Ke7 33. Bc7 h6
34. a4 g5 35. axb5 axb5 36. g4 fxg4 37. fxg4 Nf6 38. h3 Nd7 39. Be5 1-0

[Event "2.Nord-West-Cup"]
[Site "?"]
[Date "2000.02.13"]
[Round "6"]
[White "Langrock, Hannes"]
[Black "Dgebuadze, Alexandre"]
[Result "0-1"]
[WhiteElo "2135"]
[BlackElo "2540"]
[PlyCount "88"]

1. e4 e6 2. d4 d5 3. exd5 exd5 4. Nf3 Bg4 5. h3 Bh5 6. Qe2+ Qe7 7. Qxe7+ Nxe7
8. Bb5+ c6 9. Be2 f6 10. O-O g5 11. Re1 Bg6 12. c4 dxc4 13. Bxc4 Nd7 14. Nc3
Nb6 15. Bb3 O-O-O 16. Ne4 Bxe4 17. Be6+ Kc7 18. Rxe4 Ned5 19. Nd2 Nf4 20. Nb3
Nxe6 21. Rxe6 Nd5 22. Bd2 b6 23. Rae1 Kd7 24. g3 Bd6 25. Kg2 h5 26. R6e2 Rdg8
27. Nc1 Rh7 28. Nd3 a5 29. Rh1 Rhg7 30. Kf1 a4 31. h4 g4 32. Ke1 Re8 33. Rxe8
Kxe8 34. Kd1 Re7 35. Re1 Rxe1+ 36. Bxe1 Kd7 37. Ke2 Ke6 38. Bd2 Kf5 39. Ne1 Ke4
40. Nc2 f5 41. b3 axb3 42. axb3 f4 43. gxf4 Bxf4 44. Be1 Bd6 0-1

[Event "2.Nord-West-Cup"]
[Site "?"]
[Date "2000.02.10"]
[Round "1"]
[White "Lau, Dietmar"]
[Black "Schweitzer, Paul"]
[Result "1-0"]
[WhiteElo "2205"]
[BlackElo "1686"]
[PlyCount "71"]

1. d4 c6 2. e4 d6 3. Nf3 Nd7 4. Nc3 a6 5. a4 h5 6. a5 Qc7 7. Be2 h4 8. h3 e5 9.
O-O Ngf6 10. Be3 exd4 11. Nxd4 Ne5 12. f4 Ng6 13. Nb3 Be7 14. Nd2 Bd7 15. Nc4
Rc8 16. Bd3 Nh5 17. e5 d5 18. Nb6 Ng3 19. e6 Bxe6 20. Nxc8 Nxf1 21. Qxf1 Bxc8
22. Re1 O-O 23. Bb6 Qd7 24. f5 Nh8 25. Ne2 c5 26. Nf4 c4 27. Rxe7 Qxe7 28. Nxd5
Qe5 29. Bxc4 Qxb2 30. Qe1 g5 31. c3 Kh7 32. Bd4 Rd8 33. Qe5 Qc1+ 34. Kh2 f6 35.
Qe7+ Kh6 36. Qxf6+ 1-0

[Event "2.Nord-West-Cup"]
[Site "?"]
[Date "2000.02.11"]
[Round "3"]
[White "Lau, Dietmar"]
[Black "Lukossek, Thomas"]
[Result "1-0"]
[WhiteElo "2205"]
[BlackElo "1699"]
[PlyCount "81"]

1. d4 d5 2. c4 e6 3. Nc3 Nf6 4. Bg5 Be7 5. e3 O-O 6. Nf3 c6 7. Bd3 b6 8. O-O
Nbd7 9. cxd5 Nxd5 10. Bxe7 Qxe7 11. Rc1 Nxc3 12. Rxc3 Bb7 13. Qc2 g6 14. Be4
Rac8 15. Bxc6 Bxc6 16. Rxc6 Rxc6 17. Qxc6 Nf6 18. a3 Kg7 19. g3 Nd5 20. Kg2 Rb8
21. e4 Nf6 22. d5 exd5 23. e5 Ng4 24. Qxd5 Rd8 25. Qe4 Nh6 26. Rc1 Nf5 27. h4
h6 28. h5 Kh7 29. Rc6 Rd6 30. hxg6+ fxg6 31. Rxd6 Nxd6 32. Qb4 Nf5 33. Qxe7+
Nxe7 34. Nd4 Kg7 35. f4 Kf7 36. Kf3 Nd5 37. Ke4 Nc7 38. g4 h5 39. gxh5 gxh5 40.
f5 h4 41. Nf3 1-0

[Event "2.Nord-West-Cup"]
[Site "?"]
[Date "2000.02.12"]
[Round "5"]
[White "Lau, Dietmar"]
[Black "Zschischang, Gunnar"]
[Result "0-1"]
[WhiteElo "2205"]
[BlackElo "2066"]
[PlyCount "98"]

1. d4 Nc6 2. e4 e5 3. d5 Nce7 4. Nc3 Ng6 5. g3 Bb4 6. Qd3 Bxc3+ 7. Qxc3 d6 8.
Bd3 Nf6 9. h4 Ne7 10. f3 c6 11. dxc6 Nxc6 12. Bd2 O-O 13. O-O-O d5 14. exd5
Nxd5 15. Qa3 Be6 16. Nh3 f6 17. f4 Qd7 18. Nf2 a5 19. Bb5 Qf7 20. fxe5 Nxe5 21.
Ne4 Nb4 22. b3 Qg6 23. Rhe1 Bg4 24. Bxb4 axb4 25. Qxb4 Bxd1 26. Rxd1 Rxa2 27.
Kb1 Raa8 28. Rd6 Qf5 29. Qd4 Qf3 30. Nc5 Qxg3 31. Be2 Qe1+ 32. Bd1 Qa5 33. Nxb7
Qa2+ 34. Kc1 Rfc8 35. h5 Qa3+ 36. Kd2 Qa1 37. Qd5+ Kh8 38. h6 Qc3+ 39. Ke2 Qc7
40. c4 Ra2+ 41. Ke3 Re8 42. Re6 Rxe6 43. Qxe6 Ra8 44. Nd6 Rd8 45. Ne8 Qa7+ 46.
Ke2 Qa2+ 47. Ke3 Qd2+ 48. Ke4 Rd4+ 49. Kf5 Qg5# 0-1

[Event "2.Nord-West-Cup"]
[Site "?"]
[Date "2000.02.13"]
[Round "7"]
[White "Lau, Dietmar"]
[Black "Tschetschelnizki, Boris"]
[Result "1-0"]
[WhiteElo "2205"]
[BlackElo "2272"]
[PlyCount "133"]

1. d4 e6 2. Nf3 Nf6 3. g3 b5 4. Bg2 Bb7 5. O-O Be7 6. Nbd2 Qc8 7. Re1 Ne4 8. a4
b4 9. Nxe4 Bxe4 10. Nd2 Bxg2 11. Kxg2 Nc6 12. c3 bxc3 13. bxc3 d5 14. a5 Qa6
15. Ba3 Bxa3 16. Rxa3 O-O 17. Nb3 Qb5 18. Qc2 Rab8 19. Rc1 Rfd8 20. Qa2 e5 21.
Qc2 Re8 22. e3 h6 23. a6 Rb6 24. Nc5 Na5 25. Qa4 Nc4 26. Qxb5 Rxb5 27. Ra2 e4
28. Rcc2 Rb1 29. Nb7 Re6 30. Na5 Nb6 31. c4 dxc4 32. Nxc4 Nd5 33. Nd2 Rbb6 34.
Ra5 c6 35. Ra4 Kf8 36. Nc4 Rb5 37. Ne5 Nb4 38. Rc5 Nd3 39. Nxd3 exd3 40. Rc3 d2
41. Rd3 Rb2 42. Ra1 Rd6 43. Rd1 c5 44. d5 Rxa6 45. R1xd2 Rxd2 46. Rxd2 Ke7 47.
e4 f6 48. Kf3 Kd6 49. Kf4 g6 50. h4 h5 51. g4 hxg4 52. Kxg4 Ra4 53. f3 a5 54.
h5 gxh5+ 55. Kf5 Ra3 56. f4 Rf3 57. Rb2 c4 58. Rb6+ Kd7 59. Rxf6 c3 60. Rc6 Rd3
61. e5 Rxd5 62. Rxc3 a4 63. Kf6 h4 64. e6+ Kd8 65. e7+ Kd7 66. Rc8 Rd6+ 67. Kf7
1-0

[Event "2.Nord-West-Cup"]
[Site "?"]
[Date "2000.02.10"]
[Round "1"]
[White "Lau, Udo"]
[Black "Ungar, Benedict"]
[Result "1-0"]
[WhiteElo "2195"]
[BlackElo "1615"]
[PlyCount "53"]

1. d4 d5 2. Nf3 Bf5 3. c4 e6 4. Nc3 Nf6 5. Qb3 b6 6. Bg5 c6 7. Rc1 Nbd7 8. cxd5
exd5 9. e3 Be7 10. Ba6 Rb8 11. Bf4 b5 12. Bxb8 Nxb8 13. Bb7 Qb6 14. Ba8 O-O 15.
Ne5 Nfd7 16. O-O Nxe5 17. dxe5 Nd7 18. Bxc6 Qxc6 19. Nxd5 Qe6 20. Qxb5 Nxe5 21.
Nxe7+ Qxe7 22. Rc5 f6 23. Rfc1 Rd8 24. Rd5 Be6 25. Rxd8+ Qxd8 26. Qa6 Qd2 27.
Qxe6+ 1-0

[Event "2.Nord-West-Cup"]
[Site "?"]
[Date "2000.02.11"]
[Round "3"]
[White "Lau, Udo"]
[Black "Petri, Norbert"]
[Result "0-1"]
[WhiteElo "2196"]
[BlackElo "1974"]
[PlyCount "56"]

1. d4 d5 2. Nf3 e6 3. c4 c5 4. cxd5 exd5 5. Nc3 Nc6 6. g3 Nf6 7. Bg2 Be7 8. O-O
O-O 9. dxc5 Bxc5 10. Na4 Be7 11. Be3 Re8 12. Nd4 Bg4 13. h3 Be6 14. Nxc6 bxc6
15. Nc5 Bxc5 16. Bxc5 Qd7 17. Kh2 Bf5 18. Rc1 h5 19. Bd4 Ne4 20. e3 h4 21. gxh4
c5 22. Bxe4 Rxe4 23. Rxc5 Rxh4 24. f4 Rxh3+ 25. Kg2 Be4+ 26. Kf2 Rh2+ 27. Ke1
Qh3 28. Qb3 Qg2 0-1

[Event "2.Nord-West-Cup"]
[Site "?"]
[Date "2000.02.12"]
[Round "5"]
[White "Lau, Udo"]
[Black "Krumwiede, Karsten"]
[Result "1-0"]
[WhiteElo "2195"]
[BlackElo "1994"]
[PlyCount "41"]

1. d4 Nf6 2. Nf3 g6 3. c4 Bg7 4. Nc3 O-O 5. e4 d6 6. Be2 Na6 7. O-O e5 8. Bg5
Qe8 9. d5 h6 10. Bh4 Bd7 11. Nd2 Nh7 12. Rb1 f5 13. f3 Bf6 14. Bf2 c5 15. dxc6
bxc6 16. b4 Nc7 17. b5 c5 18. Nb3 Be7 19. Na5 Ne6 20. Nd5 Bd8 21. Nb7 1-0

[Event "2.Nord-West-Cup"]
[Site "?"]
[Date "2000.02.11"]
[Round "2"]
[White "Leiber, Bernard"]
[Black "Herrmann, Lutz"]
[Result "1-0"]
[WhiteElo "2212"]
[BlackElo "1765"]
[PlyCount "55"]

1. d4 Nf6 2. Nf3 g6 3. c4 Bg7 4. Nc3 d5 5. cxd5 Nxd5 6. Bd2 O-O 7. e4 Nxc3 8.
Bxc3 c6 9. Be2 Bg4 10. O-O e6 11. h3 Bxf3 12. Bxf3 Nd7 13. Qc2 Nf6 14. Rfd1 Rc8
15. Rd3 Rc7 16. Rad1 Rd7 17. b4 Qb6 18. Qb2 Ne8 19. d5 Bxc3 20. Qxc3 cxd5 21.
exd5 Rc7 22. Qb3 exd5 23. Rxd5 Ng7 24. Rd6 Qb5 25. a4 Qc4 26. Qxc4 Rxc4 27.
R6d4 Rfc8 28. Rxc4 1-0

[Event "2.Nord-West-Cup"]
[Site "?"]
[Date "2000.02.12"]
[Round "4"]
[White "Leiber, Bernard"]
[Black "Park, Heiko"]
[Result "1-0"]
[WhiteElo "2212"]
[BlackElo "2022"]
[PlyCount "77"]

1. d4 f5 2. Nf3 g6 3. c4 Bg7 4. Nc3 Nf6 5. e3 d6 6. Be2 c6 7. O-O O-O 8. b4 Qe8
9. a4 a5 10. b5 c5 11. Bb2 Nbd7 12. Qc2 Nb6 13. Rfd1 Be6 14. dxc5 dxc5 15. Ng5
Bf7 16. Nxf7 Qxf7 17. Nd5 Nbxd5 18. cxd5 b6 19. d6 exd6 20. Rxd6 Qc7 21. Rc6
Qb7 22. Rd1 Ne4 23. Bc4+ Kh8 24. f3 Nf6 25. Be5 Ne8 26. Qc3 Rc8 27. Re6 Rf7 28.
Rxb6 Qxb6 29. Bxf7 Bxe5 30. Qxe5+ Qf6 31. Qxf6+ Nxf6 32. Be6 Rc7 33. Rd6 Kg7
34. b6 Rb7 35. Bc8 Rb8 36. b7 Ne8 37. Rc6 c4 38. Rxc4 Nd6 39. Rc6 1-0

[Event "2.Nord-West-Cup"]
[Site "?"]
[Date "2000.02.13"]
[Round "6"]
[White "Leiber, Bernard"]
[Black "Henrichsen, Jens"]
[Result "1-0"]
[WhiteElo "2212"]
[BlackElo "2059"]
[PlyCount "91"]

1. Nf3 Nf6 2. d4 g6 3. c4 Bg7 4. Nc3 O-O 5. e3 d6 6. Be2 Nbd7 7. O-O e5 8. b4
c6 9. a4 exd4 10. exd4 Re8 11. Bf4 Nf8 12. Qd2 Ne6 13. Bh6 d5 14. Bxg7 Kxg7 15.
Rfd1 dxc4 16. Bxc4 Nc7 17. h3 Ncd5 18. b5 Qd6 19. Ne5 Be6 20. bxc6 bxc6 21.
Rac1 Red8 22. Nxd5 Nxd5 23. Ba2 Rdc8 24. Rc5 Rab8 25. Rdc1 Nb4 26. Bxe6 Qxe6
27. R1c4 Nd5 28. Rxc6 Rb1+ 29. Kh2 Rxc6 30. Rxc6 Qf5 31. Ng4 Qf4+ 32. Qxf4 Nxf4
33. Rc7 Ne6 34. Rxa7 Nxd4 35. Ne5 Rb2 36. Rxf7+ Kg8 37. Rd7 Nf5 38. Nd3 Ra2 39.
g4 Ne3 40. Kg3 Nc4 41. Nc5 Ne5 42. Re7 Ra3+ 43. Kh2 Nc6 44. Rc7 Ne5 45. Re7 Nc6
46. Re4 1-0

[Event "2.Nord-West-Cup"]
[Site "?"]
[Date "2000.02.11"]
[Round "2"]
[White "Lewin, Tammo"]
[Black "Michalowski, Richard"]
[Result "1-0"]
[WhiteElo "1932"]
[BlackElo "1582"]
[PlyCount "79"]

1. d4 Nf6 2. c4 e6 3. Nc3 d5 4. Bg5 Be7 5. e3 O-O 6. Nf3 h6 7. Bh4 b6 8. cxd5
exd5 9. Ne5 Bb7 10. Be2 Nbd7 11. Bg3 c5 12. O-O a6 13. Bf3 Ne4 14. Bxe4 dxe4
15. Nxd7 Qxd7 16. dxc5 Qc6 17. cxb6 Rfd8 18. Qb3 Rd3 19. Bc7 Bf6 20. Rac1 Re8
21. Qc2 Re6 22. Ne2 Qd7 23. Rcd1 Rc6 24. Qb1 Rc5 25. b3 Rcd5 26. Rc1 Rd2 27.
Ng3 R5d3 28. Rc2 Rd1 29. Rc1 R1d2 30. Nh5 Bc3 31. Rce1 Rb2 32. Qc1 Rxa2 33. Nf4
Bxe1 34. Nxd3 exd3 35. Qxe1 Qd5 36. f3 Qxb3 37. e4 Re2 38. Qd1 Qc4 39. Kh1 Qd4
40. Bf4 {Zeit} 1-0

[Event "2.Nord-West-Cup"]
[Site "?"]
[Date "2000.02.12"]
[Round "5"]
[White "Lewin, Tammo"]
[Black "Leiber, Bernard"]
[Result "1-0"]
[WhiteElo "1932"]
[BlackElo "2212"]
[PlyCount "97"]

1. d4 Nf6 2. c4 g6 3. Nc3 Bg7 4. e4 d6 5. f3 e5 6. Nge2 c6 7. Be3 O-O 8. Qd2
Nbd7 9. d5 Ne8 10. g4 f5 11. gxf5 gxf5 12. exf5 e4 13. fxe4 Ne5 14. Ng1 Ng4 15.
Nf3 Nxe3 16. Qxe3 Nf6 17. Bh3 cxd5 18. cxd5 Nxe4 19. Nxe4 Bxb2 20. Rd1 Bxf5 21.
Qg5+ Qxg5 22. Nfxg5 Bxh3 23. Nxh3 Rae8 24. Rg1+ Kh8 25. Nhg5 Rf4 26. Kd2 Rexe4
27. Nxe4 Rxe4 28. Rde1 Re5 29. Rxe5 Bxe5 30. h3 h6 31. Kd3 b5 32. Kc2 a5 33.
Kb3 Kh7 34. a4 bxa4+ 35. Kxa4 Bc3 36. Kb5 h5 37. Rg2 Kh6 38. Kc6 Bb4 39. Kd7 a4
40. Kc6 a3 41. Kb5 Bc5 42. Kc4 h4 43. Kb3 Kh5 44. Rg4 Be3 45. Kxa3 Bg5 46. Kb4
Kg6 47. Kb5 Kf5 48. Kc6 Bf4 49. Rxf4+ 1-0

[Event "2.Nord-West-Cup"]
[Site "?"]
[Date "2000.02.13"]
[Round "7"]
[White "Lewin, Tammo"]
[Black "Langheinrich, Ferenc"]
[Result "1/2-1/2"]
[WhiteElo "1932"]
[BlackElo "2325"]
[PlyCount "75"]

1. d4 Nf6 2. c4 g6 3. Nc3 Bg7 4. e4 d6 5. f3 O-O 6. Be3 Nbd7 7. Nge2 c5 8. Qd2
a6 9. d5 Ne5 10. Ng3 e6 11. a4 exd5 12. cxd5 h5 13. Bg5 Qa5 14. Nb1 Qc7 15. Na3
Nh7 16. Be3 h4 17. Ne2 f5 18. Nc3 fxe4 19. Nxe4 h3 20. O-O-O hxg2 21. Bxg2 Bf5
22. f4 Ng4 23. Bg1 b5 24. h3 Ngf6 25. Ng3 bxa4 26. Nxf5 gxf5 27. Qc2 Qd7 28.
Bf3 Rab8 29. Nc4 Ne4 30. Bxe4 fxe4 31. Be3 Kh8 32. Rhg1 Rb3 33. Rg3 Bf6 34.
Rdg1 Rbb8 35. Qxe4 a3 36. bxa3 Rfe8 37. Qc2 a5 38. R1g2 1/2-1/2

[Event "2.Nord-West-Cup"]
[Site "?"]
[Date "2000.02.11"]
[Round "2"]
[White "Lingnau, Carsten"]
[Black "Langrock, Hannes"]
[Result "1-0"]
[WhiteElo "2366"]
[BlackElo "2135"]
[PlyCount "67"]

1. Nf3 d5 2. d4 Nc6 3. g3 f6 4. c4 e5 5. dxe5 d4 6. exf6 Nxf6 7. Bg2 Bc5 8. O-O
O-O 9. Nbd2 Qe7 10. Nb3 Be6 11. Bf4 Rad8 12. Bxc7 Qxc7 13. Nxc5 Bxc4 14. Rc1
Bd5 15. a3 Ng4 16. Bh3 h5 17. Nd3 Rde8 18. Nb4 Qf7 19. Nxd5 Qxd5 20. Bg2 Qb5
21. Rc2 Qb6 22. Rd2 h4 23. Nxd4 hxg3 24. hxg3 Qc5 25. Bf3 Nge5 26. Nxc6 bxc6
27. Kg2 g5 28. Qc2 Qe7 29. Bxc6 Rc8 30. Bd5+ Kg7 31. Qe4 Qf6 32. Qd4 Rh8 33.
Rdd1 Rh6 34. Qxa7+ 1-0

[Event "2.Nord-West-Cup"]
[Site "?"]
[Date "2000.02.12"]
[Round "4"]
[White "Lingnau, Carsten"]
[Black "Gofshtein, Leonid"]
[Result "1/2-1/2"]
[WhiteElo "2366"]
[BlackElo "2580"]
[PlyCount "84"]

1. Nf3 Nf6 2. c4 g6 3. g3 Bg7 4. Bg2 d5 5. d4 O-O 6. O-O dxc4 7. Na3 a5 8. Ne5
c6 9. Naxc4 Be6 10. b3 Nd5 11. Bb2 Nd7 12. Nf3 N5b6 13. Qc2 a4 14. Rfd1 Qc7 15.
e4 Bxc4 16. bxc4 a3 17. Bc1 c5 18. Bf4 Qc8 19. d5 Na4 20. e5 Nb2 21. e6 Nb6 22.
exf7+ Rxf7 23. Ng5 Rxf4 24. gxf4 Qf8 25. Qe2 Nxd1 26. Rxd1 Qf6 27. Bh3 Bh6 28.
Ne6 Na4 29. Re1 Bf8 30. Qf3 Qc3 31. Re3 Qxc4 32. d6 exd6 33. Nxf8 Kxf8 34. Qxb7
Re8 35. Rxe8+ Kxe8 36. Qd7+ Kf8 37. Qxd6+ Kf7 38. Qd7+ Kf6 39. Qd6+ Kf7 40.
Qc7+ Kf6 41. Qe5+ Kf7 42. Qc7+ Kf6 1/2-1/2

[Event "2.Nord-West-Cup"]
[Site "?"]
[Date "2000.02.13"]
[Round "6"]
[White "Lingnau, Carsten"]
[Black "Lewin, Tammo"]
[Result "1-0"]
[WhiteElo "2366"]
[BlackElo "1932"]
[PlyCount "71"]

1. Nf3 Nf6 2. c4 g6 3. g3 Bg7 4. Bg2 O-O 5. d4 d6 6. O-O c6 7. Nc3 Nbd7 8. e4
e5 9. b3 Re8 10. h3 exd4 11. Nxd4 Nc5 12. Re1 Ne6 13. Be3 a6 14. Nde2 Nc5 15.
f3 Qe7 16. Qc2 Bd7 17. Rad1 Rad8 18. Rd2 Bc8 19. Red1 Ne6 20. Na4 Bf8 21. Bb6
Nc7 22. f4 Rd7 23. e5 dxe5 24. Rxd7 Bxd7 25. Bc5 Bf5 26. Qb2 Qe6 27. Bxf8 Kxf8
28. Nc5 Qc8 29. fxe5 Nd7 30. Nxd7+ Bxd7 31. Qd2 Bf5 32. g4 Be6 33. Qh6+ Kg8 34.
Nc3 Rd8 35. Rf1 Qd7 36. Ne4 1-0

[Event "2.Nord-West-Cup"]
[Site "?"]
[Date "2000.02.11"]
[Round "2"]
[White "Lukossek, Thomas"]
[Black "Mengler, Marc"]
[Result "1-0"]
[WhiteElo "1699"]
[BlackElo "833"]
[PlyCount "63"]

1. e4 c5 2. Nf3 d6 3. d4 cxd4 4. Nxd4 Nf6 5. Bd3 g6 6. O-O Bg7 7. c3 O-O 8. h3
Nc6 9. Nxc6 bxc6 10. Be3 d5 11. exd5 cxd5 12. Nd2 e5 13. Bc5 Re8 14. Nb3 Bb7
15. Bb5 Nd7 16. Ba3 Bf8 17. Bxf8 Rxf8 18. Re1 f6 19. Qg4 f5 20. Qg3 f4 21. Qg4
Bc8 22. Qe6+ Rf7 23. Qxd5 f3 24. g3 Rb8 25. Bc4 Qf6 26. Qxf7+ Qxf7 27. Bxf7+
Kxf7 28. Re3 Bb7 29. Rd1 Nb6 30. Rxe5 Nc4 31. Rb5 Ke6 32. Nc5+ 1-0

[Event "2.Nord-West-Cup"]
[Site "?"]
[Date "2000.02.12"]
[Round "4"]
[White "Lukossek, Thomas"]
[Black "Gudat, Alfons"]
[Result "0-1"]
[WhiteElo "1699"]
[BlackElo "2078"]
[PlyCount "134"]

1. e4 Nc6 2. Nf3 e5 3. Bb5 a6 4. Ba4 Nf6 5. d3 b5 6. Bb3 Be7 7. c3 O-O 8. O-O
d6 9. h3 Na5 10. Bc2 c5 11. Be3 Qc7 12. Nbd2 Bb7 13. Bg5 h6 14. Bh4 Rac8 15.
Bg3 Nh5 16. Kh1 g6 17. Bh2 Bf6 18. Ng1 Nc6 19. Ne2 g5 20. Ng3 Nxg3+ 21. fxg3
Bg7 22. g4 Ne7 23. c4 Nc6 24. b3 Nd4 25. Nf3 Ne6 26. Qe1 Rce8 27. Rc1 Bc8 28.
Bb1 b4 29. Bc2 Nf4 30. Ng1 Bd7 31. Ne2 a5 32. Ng3 Ra8 33. Nf5 Bxf5 34. exf5 Qc6
35. Rf3 Rfe8 36. Qe3 d5 37. g3 d4 38. Qf2 Nxh3 39. Qe2 h5 40. Qe4 Qxe4 41. dxe4
hxg4 42. Rff1 Ra6 43. Kg2 Rh6 44. Bd3 Nf4+ 45. gxf4 gxf4 46. Bxf4 exf4 47. Rxf4
g3 48. Rg4 Kf8 49. Rxg3 Be5 50. Rh3 Rxh3 51. Kxh3 Ke7 52. Bb1 Rg8 53. Rf1 Rg3+
54. Kh4 Re3 55. Kg4 d3 56. Rd1 Rxe4+ 57. Kf3 Rf4+ 58. Ke3 Rxf5 59. Bxd3 Bd4+
60. Ke4 Rf2 61. Bb1 Kd6 62. Rh1 f5+ 63. Kd3 Ke5 64. Re1+ Kf4 65. Re2 Rf1 66.
Bc2 Ra1 67. Bd1 Rxd1+ 0-1

[Event "2.Nord-West-Cup"]
[Site "?"]
[Date "2000.02.13"]
[Round "6"]
[White "Lukossek, Thomas"]
[Black "Schmidt, Harald"]
[Result "0-1"]
[WhiteElo "1699"]
[BlackElo "2215"]
[PlyCount "42"]

1. e4 Nf6 2. d3 d5 3. e5 Nfd7 4. e6 fxe6 5. d4 e5 6. c4 c6 7. dxe5 Nxe5 8. Qh5+
Nf7 9. Nc3 Nd7 10. Bg5 Qa5 11. cxd5 cxd5 12. Bd2 Nf6 13. Bb5+ Qxb5 14. Nxb5
Nxh5 15. Nc7+ Kd7 16. Nxa8 e6 17. Rc1 Bd6 18. Be3 b6 19. Bxb6 Bb7 20. Ba5 Rxa8
21. Ne2 Ne5 0-1

[Event "2.Nord-West-Cup"]
[Site "?"]
[Date "2000.02.10"]
[Round "1"]
[White "Mader, Sascha"]
[Black "Hammes, Michael"]
[Result "0-1"]
[WhiteElo "1959"]
[BlackElo "2388"]
[PlyCount "100"]

1. e4 e6 2. d4 d5 3. Nc3 Bb4 4. e5 c5 5. a3 Bxc3+ 6. bxc3 Ne7 7. Nf3 b6 8. Bb5+
Bd7 9. Bd3 c4 10. Bf1 Ba4 11. g3 Nbc6 12. h4 h6 13. Bh3 Kd7 14. O-O Qg8 15. Nh2
Qh7 16. Ra2 h5 17. Nf3 Qg6 18. Ng5 Raf8 19. Re1 Nf5 20. Qf3 Nce7 21. Kh2 Nh6
22. Qe2 Nef5 23. Rb2 Kc7 24. Rb4 Bd7 25. Bg2 Rc8 26. Bf4 Ne7 27. Bf3 Ng4+ 28.
Kg1 Qf5 29. Rxc4+ Kb8 30. Rxc8+ Rxc8 31. Qd2 Ng6 32. Be3 f6 33. exf6 gxf6 34.
Bxg4 Qxg4 35. Nh7 Nxh4 36. Nxf6 Nf3+ 37. Kg2 Nxe1+ 38. Qxe1 Qg7 39. Bf4+ Kb7
40. Nxh5 Qg6 41. Qe5 Ba4 42. Ng7 Rxc3 43. Nxe6 Qe4+ 44. Qxe4 dxe4 45. d5 Bxc2
46. d6 Ba4 47. Nf8 Rxa3 48. g4 Rf3 49. Ng6 Be8 50. d7 Bxd7 0-1

[Event "2.Nord-West-Cup"]
[Site "?"]
[Date "2000.02.12"]
[Round "4"]
[White "Mader, Sascha"]
[Black "Mengler, Marc"]
[Result "1/2-1/2"]
[WhiteElo "1959"]
[BlackElo "833"]
[PlyCount "45"]

1. e4 c5 2. Ne2 d6 3. Nbc3 Nf6 4. d4 cxd4 5. Nxd4 g6 6. Be3 Bg7 7. f3 O-O 8.
Qd2 Nc6 9. O-O-O d5 10. Qe1 e6 11. h4 e5 12. Nxc6 bxc6 13. Bc5 Rb8 14. g4 Qa5
15. Bxf8 Bxf8 16. Nxd5 Qxa2 17. Nxf6+ Kg7 18. Ne8+ Kg8 19. Nf6+ Kg7 20. Qc3 Bb4
21. Nh5+ gxh5 22. Qxe5+ f6 23. Qc7+ 1/2-1/2

[Event "2.Nord-West-Cup"]
[Site "?"]
[Date "2000.02.13"]
[Round "6"]
[White "Mader, Sascha"]
[Black "Syed, Tareq"]
[Result "1/2-1/2"]
[WhiteElo "1959"]
[BlackElo "2095"]
[PlyCount "78"]

1. e4 d6 2. d4 Nf6 3. Nc3 Nbd7 4. f3 e5 5. Be3 c6 6. Bc4 b5 7. Bb3 a6 8. Nh3
exd4 9. Bxd4 c5 10. Bxf6 Nxf6 11. e5 c4 12. exf6 Bxh3 13. gxh3 Qxf6 14. O-O
cxb3 15. Qd5 Ra7 16. Qc6+ Kd8 17. Qb6+ Rc7 18. Qxc7+ Kxc7 19. Nd5+ Kb7 20. Nxf6
gxf6 21. axb3 Bh6 22. Rfe1 Kb6 23. Re7 Rg8+ 24. Kf2 Bf4 25. Rxf7 Be5 26. Rd1 h5
27. Rh7 Rg5 28. h4 Rf5 29. Kg2 Kc5 30. c3 Bf4 31. Rd4 Be5 32. Rd2 Bf4 33. Re2
Be5 34. Rc2 Bf4 35. Re2 Be5 36. Re4 Kc6 37. Ra7 Kb6 38. Rh7 Kc6 39. Re2 Kc5
1/2-1/2

[Event "2.Nord-West-Cup"]
[Site "?"]
[Date "2000.02.10"]
[Round "1"]
[White "Maschler, Andreas"]
[Black "Hoeppner, Hans"]
[Result "1-0"]
[WhiteElo "1910"]
[BlackElo "1694"]
[PlyCount "71"]

1. d4 e6 2. c4 Ne7 3. g3 Ng6 4. Bg2 d6 5. Nc3 Be7 6. Nf3 h6 7. O-O O-O 8. e4 c6
9. Be3 Nd7 10. b4 e5 11. Qb3 a5 12. a3 Bf6 13. d5 axb4 14. axb4 Rxa1 15. Rxa1
Qc7 16. Nd2 Re8 17. c5 dxc5 18. bxc5 Bg5 19. Bxg5 hxg5 20. d6 Qd8 21. Qa3 Ngf8
22. Bh3 Ne6 23. Bxe6 Rxe6 24. Nc4 Qf8 25. Rd1 f5 26. Qa8 Kh7 27. exf5 Re8 28.
g4 Nxc5 29. Qa7 Nd7 30. Ne4 b5 31. Nxg5+ Kh8 32. Qe3 Nf6 33. Nxe5 Rxe5 34. Qxe5
Nxg4 35. Qe7 Qxf5 36. Qe8+ 1-0

[Event "2.Nord-West-Cup"]
[Site "?"]
[Date "2000.02.11"]
[Round "3"]
[White "Maschler, Andreas"]
[Black "Schneider, Florian"]
[Result "1/2-1/2"]
[WhiteElo "1910"]
[BlackElo "1779"]
[PlyCount "122"]

1. d4 c5 2. d5 Nf6 3. c4 b5 4. f3 bxc4 5. e4 d6 6. Bxc4 g6 7. Nc3 Bg7 8. Nge2
Nbd7 9. O-O O-O 10. Bg5 a5 11. Re1 Ne5 12. Bb5 Ba6 13. Bxa6 Rxa6 14. f4 Ned7
15. Rb1 Rb6 16. b3 Qb8 17. Qc2 Qa7 18. Kh1 Rc8 19. Bh4 Qa6 20. Na4 Rb4 21. Nec3
Rcb8 22. Nb2 Nb6 23. Nd3 Rd4 24. Rbd1 c4 25. Nc1 Rxd1 26. Qxd1 cxb3 27. Nxb3
Rc8 28. Qd2 Ng4 29. Nd4 Qc4 30. Nce2 Bf6 31. Bg3 Qb4 32. Qxb4 axb4 33. Nc6 Ra8
34. Nxb4 Ra4 35. Rb1 Nc4 36. Be1 h5 37. h3 Nge3 38. Bc3 Kg7 39. Bxf6+ Kxf6 40.
Nc3 Ra8 41. Nc6 h4 42. Rb7 Ra3 43. Rb3 Ra6 44. a4 Nd2 45. Rb4 Nec4 46. Kg1 Na5
47. Nxa5 Rxa5 48. Nb5 Ra8 49. Nd4 Nxe4 50. Nc6 Nc3 51. a5 Nxd5 52. Rb7 Ra6 53.
Rb5 Rxc6 54. Rxd5 Ke6 55. Rb5 Kd7 56. Kf2 Kc7 57. Kf3 Ra6 58. Kg4 Kc6 59. Rg5
d5 60. Kxh4 Rxa5 61. Rg3 d4 1/2-1/2

[Event "2.Nord-West-Cup"]
[Site "?"]
[Date "2000.02.12"]
[Round "5"]
[White "Maschler, Andreas"]
[Black "Schuette, Marc"]
[Result "0-1"]
[WhiteElo "1910"]
[BlackElo "2249"]
[PlyCount "70"]

1. d4 d5 2. c4 c6 3. g3 Nf6 4. Bg2 Bf5 5. Nf3 e6 6. O-O Nbd7 7. Qb3 Qc8 8. cxd5
exd5 9. Nc3 Bd6 10. Nh4 Nb6 11. Bg5 Be6 12. Bxf6 gxf6 13. Qc2 Be7 14. e4 dxe4
15. Bxe4 Qd7 16. Rad1 Nd5 17. Rfe1 a5 18. Bxh7 f5 19. Nxf5 Rxh7 20. Nd6+ Qxd6
21. Qxh7 O-O-O 22. Qh5 Qb4 23. Nxd5 Rxd5 24. Qh8+ Rd8 25. Qe5 Bd6 26. Qh5 Bxa2
27. Ra1 Bd5 28. Qd1 Bc7 29. Re3 Kb8 30. h4 f5 31. Qe1 Qxd4 32. Re7 Bb6 33. Rxa5
Be4 34. Ra3 Qxf2+ 35. Qxf2 Rd1+ 0-1

[Event "2.Nord-West-Cup"]
[Site "?"]
[Date "2000.02.13"]
[Round "7"]
[White "Maschler, Andreas"]
[Black "Salov, Sergej"]
[Result "0-1"]
[WhiteElo "1910"]
[BlackElo "2299"]
[PlyCount "116"]

1. d4 Nf6 2. c4 d6 3. Nc3 e5 4. dxe5 dxe5 5. Qxd8+ Kxd8 6. Bg5 Nbd7 7. O-O-O c6
8. e4 Kc7 9. Be2 Bb4 10. f3 Bxc3 11. bxc3 Nb6 12. h4 Be6 13. Nh3 Bxc4 14. Bxc4
Nxc4 15. Nf2 Nd7 16. Ng4 f6 17. Bd2 Nc5 18. Ne3 Na3 19. Kb2 Nb5 20. Kc2 a5 21.
Nc4 Na4 22. f4 Nb6 23. Nxb6 Kxb6 24. a4 Nd6 25. Be3+ Kc7 26. fxe5 fxe5 27. Bb6+
Kxb6 28. Rxd6 Kc7 29. Rd3 Rhf8 30. Rg3 Rf2+ 31. Kb3 Rf7 32. Rd1 Rd8 33. Rxd8
Kxd8 34. Kc4 Kc7 35. h5 b6 36. Kb3 Kd6 37. Kc4 Rb7 38. Rd3+ Ke7 39. Rg3 Ke6 40.
Rf3 Rf7 41. Rg3 Kd6 42. Rd3+ Kc7 43. Rg3 Kb7 44. Rd3 Ka6 45. Rd6 Rf6 46. Rd8
Rf4 47. Kd3 Rg4 48. Re8 Rg5 49. g4 b5 50. Ra8+ Kb6 51. Rb8+ Ka7 52. Re8 bxa4
53. Kc4 Kb6 54. Rb8+ Kc7 55. Ra8 Rxg4 56. Rxa5 Kd6 57. Kd3 Rg3+ 58. Kd2 Rh3 0-1

[Event "2.Nord-West-Cup"]
[Site "?"]
[Date "2000.02.11"]
[Round "2"]
[White "Meijers, Johannes"]
[Black "Teixeira, Jose"]
[Result "0-1"]
[WhiteElo "1450"]
[BlackElo "1761"]
[PlyCount "20"]

1. d4 Nf6 2. c4 d6 3. Nc3 g6 4. e4 Bg7 5. Be2 O-O 6. Be3 Nc6 7. Bf3 e5 8. d5
Nd4 9. Bxd4 exd4 10. Qxd4 Nxe4 0-1